LEADER 01220nam0-2200409---450- 001 990009225230403321 005 20151204180301.0 010 $a978-88-15-13146-1 035 $a000922523 035 $aFED01000922523 035 $a(Aleph)000922523FED01 035 $a000922523 100 $a20100920d2009----km-y0itay50------ba 101 0 $aita 102 $aIT 105 $ay-------001yy 200 1 $aFlex-insecurity$eperchč in Italia la flessibilitą diventa precarietą$fFabio Berton, Matteo Richiardi, Stefano Sacchi 210 $aBologna$cil Mulino$d2009 215 $a352 p.$d21 cm 225 1 $aStudi e ricerche$v586 320 $aContiene bibl. (pp. 337-352) 610 0 $aRapporti di lavoro$aFlessibilitą$aItalia 610 0 $aLavoratori precari$aItalia 676 $a303.36$v22$zita 676 $a331.125$v22$zita 700 1$aBerton,$bFabio$0508624 701 1$aRichiardi,$bMatteo$0508625 701 1$aSacchi,$bStefano$0508626 801 0$aIT$bUNINA$gREICAT$2UNIMARC 901 $aBK 912 $a990009225230403321 952 $aA-IX-493$b14893$fDDRC 952 $a306.36 BER 2$b6140$fBFS 959 $aDDRC 959 $aBFS 996 $aFlex-insecurity$9776361 997 $aUNINA LEADER 01109nam0 22002893i 450 001 SUN0119493 005 20190117021137.953 010 $d0.00 017 70$2N$a978-3-319-28860-4 100 $a20190117d2016 |0engc50 ba 101 $aeng 102 $aCH 105 $a|||| ||||| 200 1 $a*Complex Systems$eRelationships between Control, Communications and Computing$fedited by Georgi M. Dimirovski 205 $aCham : Springer, 2016 210 $aLxxvi$d652 p. ; 24 cm 215 $aPubblicazione in formato elettronico 410 1$1001SUN0107743$12001 $a*Studies in Systems, Decision and Control$v55$1210 $aCham$cSpringer. 620 $aCH$dCham$3SUNL001889 702 1$aDimirovski$b, Georgi M.$3SUNV091769 712 $aSpringer$3SUNV000178$4650 801 $aIT$bSOL$c20200921$gRICA 856 4 $uhttps://link.springer.com/book/10.1007%2F978-3-319-28860-4 912 $aSUN0119493 950 $aBIBLIOTECA CENTRO DI SERVIZIO SBA$d15CONS SBA EBOOK 2894 $e15EB 2894 20190117 996 $aComplex Systems$9374125 997 $aUNICAMPANIA